00438nam a2200121Ia 4500008004100000041001200041082001200053100002400065245010000089260006600189300001500255536004600270211220s9999 xx 000 0 eng d aEnglish aRP.0334 aPattnaik, Jajati K. 0aLook east policy and India's North-East : ba study of Arunachal Pradesh / cJajati K. Pattnaik aNew Delhi :bIndian Council oF Social Science Research,c2017 axix, 161p. aIndian Council of Social Science Research